[Event "Mallorca-ch U14"]
[Site "Mallorca"]
[Date "2016.02.05"]
[Round "3.2"]
[White "Garcia Astorga, Ramon"]
[Black "Storti Bordoy, Sergi"]
[Result "0-1"]
[WhiteElo "1370"]
[BlackElo "1381"]
[PlyCount "54"]
[EventDate "2016.02.05"]
[EventType "swiss"]
[EventRounds "6"]
[EventCountry "ESP"]
[SourceTitle "EXT 2024"]
[Source "ChessBase"]
[SourceDate "2023.10.10"]
[SourceVersion "1"]
[SourceVersionDate "2023.10.10"]
[SourceQuality "1"]

1. e4 c5 2. Nf3 d6 3. d4 cxd4 4. Bb5+ Nd7 5. Nxd4 Ngf6 6. Nc3 g6 7. Be3 Bg7 8. Qd2 0-0 9. 0-0-0 a6 10. Bd3 Nc5 11. Be2 Ncxe4 12. Nxe4 Nxe4 13. Qd3 Nc5 14. Qd2 b5 15. Bf3 Bb7 16. g4 Bxf3 17. Nxf3 Na4 18. c3 Rc8 19. Nd4 b4 20. Qe2 bxc3 21. Qxa6 cxb2+ 22. Kd2 Nc3 23. Nc6 Ne4+ 24. Ke2 Qd7 25. Bd4 Rxc6 26. Qa4 Bxd4 27. Rxd4 Nc3+ 0-1